| 000 | 00605nam a2200217 b 4500 | ||
|---|---|---|---|
| 003 | OSt | ||
| 005 | 20151012154840.0 | ||
| 008 | 970124s1996 sp | ||| ||spa | ||
| 020 | _a84-08-01855-8 | ||
| 040 | _cBMC | ||
| 082 | _a863 | ||
| 100 | 1 |
_aGonzález Delgado, Fernando _936585 |
|
| 245 | 1 |
_aNo estabas en el cielo _cFernando G. Delgado |
|
| 250 | _a1ª ed | ||
| 260 |
_aBarcelona _bPlaneta _c1996 |
||
| 300 |
_a306 p. _c21 cm |
||
| 490 | _aAutores españoles e hispanoamericanos | ||
| 500 | _aEn la cub.: La memoria íntima de un hijo | ||
| 650 | 2 | 4 |
_929289 _aNovela española |
| 942 |
_2ddc _cBK |
||
| 999 |
_c22807 _d22807 |
||